000 00811nam a2200265 a 4500
008
020 _a0415103789 (pbk.)
049 _aMAIN
090 0 0 _aHD1691
100 1 _aWinpenny, James.
245 1 0 _aManaging water as an economic resource /
_cJames Winpenny.
260 _aLondon :
_bRoutledge,
_c1994.
300 _aviii, 133 p. :
_bill. ;
_c22 cm.
440 0 _aDevelopment policy studies.
504 _aIncludes bibliographical references: p. 113-122.
500 _aIncludes index.
650 0 _aWater-supply
_xManagement.
650 0 _aWater-supply
_xEconomic aspects.
650 0 _aWater resources development.
907 _a.b10083030
_b17-07-03
_c16-07-03
003
005 20230123133340.0
040 _cNUST
942 _cBOOKS
_kHD1691
999 _c147043
_d147043